जिल्हा परिषद कर्मचारी भरती संपूर्ण मार्गदर्शक (Record no. 300970)

MARC details
000 -LEADER
fixed length control field 00459pam a2200109a 44500
008 - FIXED-LENGTH DATA ELEMENTS--GENERAL INFORMATION
fixed length control field 230405s2010 xxu||||| |||| 00| 0 eng d
041 ## - LANGUAGE CODE
Language code of text/sound track or separate title MAR
100 ## - MAIN ENTRY--PERSONAL NAME
Personal name सौ संगिता माने डॉ सुरेश माने
245 ## - TITLE STATEMENT
Title जिल्हा परिषद कर्मचारी भरती संपूर्ण मार्गदर्शक
260 ## - PUBLICATION, DISTRIBUTION, ETC.
Place of publication, distribution, etc.
Name of publisher, distributor, etc. अक्षरगंगा प्रकाशन
Date of publication, distribution, etc. 2010
906 ## - LOCAL DATA ELEMENT F, LDF (RLIN)
a 10471
Holdings
Withdrawn status Lost status Damaged status Not for loan Collection Home library Current library Shelving location Date acquired Source of acquisition Cost, normal purchase price Total Checkouts Barcode Date last seen Price effective from Koha item type
          Matoshri Bayabai Shripatrao Kadam Kanya Mahavidyalaya, Kadegaon, Sangli Matoshri Bayabai Shripatrao Kadam Kanya Mahavidyalaya, Kadegaon, Sangli   06/04/2011 अजब पुस्तकालय 180.00   KVK-XTH01121 18/04/2023 18/04/2023 Book